|
|
|
|
| LEADER |
00826nam a2200217 a 4500 |
| 001 |
1712074 |
| 008 |
090909s1970 ii b 000 0 eng d |
| 010 |
|
|
|a 70922449
|
| 040 |
|
|
|a DLC
|c DLC
|d DLC
|
| 082 |
0 |
0 |
|a 374/.012/0954
|
| 100 |
1 |
|
|a Tripathi, Virendra.
|
| 245 |
1 |
2 |
|a A guide to functional literacy for literacy administrators and workers.
|
| 260 |
|
|
|a Lucknow
|b A Literacy House Publication
|c 1970
|
| 300 |
|
|
|a 156 p.
|c 22 cm.
|
| 504 |
|
|
|a includes Bibliography (p. [153]-156.)
|
| 541 |
1 |
|
|e 00005257
|
| 650 |
|
0 |
|a Functional literacy
|z India.
|
| 650 |
|
0 |
|a Adult education
|z India.
|
| 852 |
4 |
|
|a Ayesha Abed Library
|j General shelf
|
| 999 |
|
|
|c 3996
|d 3996
|
| 952 |
|
|
|0 0
|1 0
|2 ddc
|4 0
|6 374_012095400000000_TRI_2000
|7 0
|9 4008
|a BRACUL
|b BRACUL
|c GEN
|d 2009-10-08
|g 672.00
|l 0
|o 374.0120954 TRI
|p 3010005257
|r 2009-10-08
|t 1
|v 1344.00
|w 2009-10-08
|y BK
|